Multimodal Biometrics and Transformation Techniques/ (Record no. 210534)

MARC details
000 -LEADER
fixed length control field 00665nam a22002057a 4500
005 - DATE AND TIME OF LATEST TRANSACTION
control field 20250327104833.0
010 ## - LCCN (DPL NO)
LC control number ENG-144277
020 ## - INTERNATIONAL STANDARD BOOK NUMBER
International Standard Book Number 9789391772529
Terms of availability 330.00
035 ## - SYSTEM CONTROL NUMBER
System control number EN-127809
037 ## - SOURCE OF ACQUISITION
Source of stock number/acquisition DBAD
082 ## - DEWEY DECIMAL CLASSIFICATION NUMBER
Classification number 006.4
Edition number 1
100 ## - MAIN ENTRY--PERSONAL NAME
Personal name Kanagalakshmi, K
245 ## - TITLE STATEMENT
Title Multimodal Biometrics and Transformation Techniques/
Statement of responsibility, etc K. Kanagalakshmi [and] K. Lakshmi Priya
250 ## - EDITION STATEMENT
Edition statement 1
260 ## - PUBLICATION, DISTRIBUTION, ETC. (IMPRINT)
Place of publication, distribution, etc Chennai
Name of publisher, distributor, etc Forschung Publications
Date of publication, distribution, etc December, 2023
270 ## - ADDRESS
Address 303, Uni Homes Phase 2, Malrojapuram
City Kandigai
Postal code 600127
300 ## - PHYSICAL DESCRIPTION
Extent 108p.
Dimensions 24cm(pb)
700 ## - ADDED ENTRY--PERSONAL NAME
Personal name K. Lakshmi Priya
Relator term Author
9 (RLIN) 79478
942 ## - ADDED ENTRY ELEMENTS (KOHA)
Source of classification or shelving scheme Dewey Decimal Classification
Item type English Books
Call number suffix KAN
Classification part 006.4
Holdings
Withdrawn status Lost status Not for loan Collection code Home library Current library Date acquired Source of acquisition Cost, normal purchase price Full call number Barcode Copy number Cost, replacement price Koha item type
      Non-fiction Mobile Library Mobile Library 27/03/2025 DBAD 330.00 KAN 006.4 EN-127809 1 330.00 English Books

© Delhi Public Library
Hit Counter
free hit counter